{"text_format":"3","workbook":"xlsx","n_sheets":1,"sheets":["02 - Vykurovanie  "],"not_rendered":{"external_links":1,"defined_names":3},"read":"whole","date_system":"1900"}

{"sheet":"02 - Vykurovanie  ","index":0,"n_rows":150,"n_cols":65,"rows_kept":150,"merged":[[1,11,1,21],[6,4,6,7],[8,4,8,7],[26,4,26,7],[84,4,84,7],[86,4,86,7],[110,4,110,7],[112,4,112,7]]}
[]
[{"$nulls":11},">>  skryté stĺpce  <<",{"$nulls":33},"{6415cda2-4e96-4c5a-95e3-c1d8d5749c42}"]
[{"$nulls":45},"0"]
[{"$nulls":3},"KRYCÍ LIST ROZPOČTU",{"$nulls":8},"v ---  nižšie sa nachádzajú doplnkové a pomocné údaje k zostavám  --- v",{"$nulls":32},"False"]
[]
[{"$nulls":3},"Stavba:"]
[{"$nulls":4},{"$f":"'[1]Rekapitulácia stavby'!K6","v":"Polyfunkčný objekt  s.č. 49- stavebné úpravy"}]
[{"$nulls":3},"Objekt:"]
[{"$nulls":4},"02 - Vykurovanie  "]
[]
[{"$nulls":3},"JKSO:",null,"",null,null,"KS:",""]
[{"$nulls":3},"Miesto:",null,"Hruštín ",null,null,"Dátum:",{"$f":"'[1]Rekapitulácia stavby'!AN8","v":"8. 11. 2019"}]
[]
[{"$nulls":3},"Objednávateľ:",{"$nulls":4},"IČO:",""]
[{"$nulls":4},"Obec Hruštín ",{"$nulls":3},"IČ DPH:",""]
[]
[{"$nulls":3},"Zhotoviteľ:",{"$nulls":4},"IČO:",""]
[{"$nulls":4},"Jaroslav Zajac ",{"$nulls":3},"IČ DPH:",""]
[]
[{"$nulls":3},"Projektant:",{"$nulls":4},"IČO:",{"$f":"IF('[1]Rekapitulácia stavby'!AN16=\"\",\"\",'[1]Rekapitulácia stavby'!AN16)","v":""}]
[{"$nulls":4},{"$f":"IF('[1]Rekapitulácia stavby'!E17=\"\",\"\",'[1]Rekapitulácia stavby'!E17)","v":" "},{"$nulls":3},"IČ DPH:",{"$f":"IF('[1]Rekapitulácia stavby'!AN17=\"\",\"\",'[1]Rekapitulácia stavby'!AN17)","v":""}]
[]
[{"$nulls":3},"Spracovateľ:",{"$nulls":4},"IČO:",""]
[{"$nulls":4},"Jaroslav Zajac  , 0903 887765 ",{"$nulls":3},"IČ DPH:",""]
[]
[{"$nulls":3},"Poznámka:"]
[{"$nulls":4},""]
[]
[]
[{"$nulls":3},"Cena bez DPH",{"$nulls":5},{"$f":"ROUND(J121, 2)","v":{"v":3946.86,"d":"3,946.86"}}]
[]
[{"$nulls":5},"Základ dane",null,null,"Sadzba dane","Výška dane"]
[{"$nulls":3},"DPH","základná",{"$f":"ROUND((SUM(BE121:BE150)),  2)","v":{"v":0,"d":"0.00"}},null,null,{"v":0.2,"d":"20.00%"},{"$f":"ROUND(((SUM(BE121:BE150))*I33),  2)","v":{"v":0,"d":"0.00"}}]
[{"$nulls":4},"znížená",{"$f":"ROUND((SUM(BF121:BF150)),  2)","v":{"v":3946.86,"d":"3,946.86"}},null,null,{"v":0.2,"d":"20.00%"},{"$f":"ROUND(((SUM(BF121:BF150))*I34),  2)","v":789.37}]
[{"$nulls":4},"zákl. prenesená",{"$f":"ROUND((SUM(BG121:BG150)),  2)","v":{"v":0,"d":"0.00"}},null,null,{"v":0.2,"d":"20.00%"},{"$f":"0","v":{"v":0,"d":"0.00"}}]
[{"$nulls":4},"zníž. prenesená",{"$f":"ROUND((SUM(BH121:BH150)),  2)","v":{"v":0,"d":"0.00"}},null,null,{"v":0.2,"d":"20.00%"},{"$f":"0","v":{"v":0,"d":"0.00"}}]
[{"$nulls":4},"nulová",{"$f":"ROUND((SUM(BI121:BI150)),  2)","v":{"v":0,"d":"0.00"}},null,null,{"v":0,"d":"0.00%"},{"$f":"0","v":{"v":0,"d":"0.00"}}]
[]
[{"$nulls":3},"Cena s DPH",null,null,"v","EUR",null,{"$f":"SUM(J30:J37)","v":{"v":4736.2300000000005,"d":"4,736.23"}}]
{"$rows_empty":10}
[{"$nulls":3},"Projektant",null,null,"Spracovateľ"]
{"$rows_empty":10}
[{"$nulls":3},"Dátum a podpis:",null,"Pečiatka","Dátum a podpis:",null,null,"Pečiatka"]
[]
[]
[]
[{"$nulls":3},"Objednávateľ",null,null,"Zhotoviteľ"]
{"$rows_empty":10}
[{"$nulls":3},"Dátum a podpis:",null,"Pečiatka","Dátum a podpis:",null,null,"Pečiatka"]
[]
[]
[]
[]
[]
[null,null,"REKAPITULÁCIA ROZPOČTU"]
[]
[null,null,"Stavba:"]
[{"$nulls":4},{"$f":"E7","v":"Polyfunkčný objekt  s.č. 49- stavebné úpravy"}]
[null,null,"Objekt:"]
[{"$nulls":4},{"$f":"E9","v":"02 - Vykurovanie  "}]
[]
[null,null,"Miesto:",null,null,{"$f":"F12","v":"Hruštín "},null,null,"Dátum:",{"$f":"IF(J12=\"\",\"\",J12)","v":"8. 11. 2019"}]
[]
[null,null,"Objednávateľ:",null,null,{"$f":"E15","v":"Obec Hruštín "},null,null,"Projektant:",{"$f":"E21","v":" "}]
[null,null,"Zhotoviteľ:",null,null,{"$f":"IF(E18=\"\",\"\",E18)","v":"Jaroslav Zajac "},null,null,"Spracovateľ:",{"$f":"E24","v":"Jaroslav Zajac  , 0903 887765 "}]
[]
[null,null,"Kód dielu - Popis",{"$nulls":6},"Cena celkom [EUR]"]
[]
[null,null,"Náklady z rozpočtu",{"$nulls":6},{"$f":"J121","v":{"v":3946.8639999999996,"d":"3,946.86"}},{"$nulls":36},"-1"]
[{"$nulls":3},"733 - Ústredné vykurovanie - potrubie",{"$nulls":5},{"$f":"J122","v":739.93}]
[{"$nulls":3},"734 - Ústredné vykurovanie - armatúry",{"$nulls":5},{"$f":"J126","v":{"v":989.2589999999999,"d":"989.26"}}]
[{"$nulls":3},"735 - Ústredné vykurovanie - vykurovacie telesá",{"$nulls":5},{"$f":"J134","v":{"v":962.784,"d":"962.78"}}]
[{"$nulls":3},"769 - Montáž vzduchotechnických zariadení",{"$nulls":5},{"$f":"J137","v":{"v":678.8430000000001,"d":"678.84"}}]
[{"$nulls":3},"HZ - Hodinové zúčtovacie sadzby",{"$nulls":5},{"$f":"J149","v":{"v":576.048,"d":"576.05"}}]
[]
[]
[]
[]
[]
[]
[null,null,"ROZPOČET"]
[]
[null,null,"Stavba:"]
[{"$nulls":4},{"$f":"E7","v":"Polyfunkčný objekt  s.č. 49- stavebné úpravy"}]
[null,null,"Objekt:"]
[{"$nulls":4},{"$f":"E9","v":"02 - Vykurovanie  "}]
[]
[null,null,"Miesto:",null,null,{"$f":"F12","v":"Hruštín "},null,null,"Dátum:",{"$f":"IF(J12=\"\",\"\",J12)","v":"8. 11. 2019"}]
[]
[null,null,"Objednávateľ:",null,null,{"$f":"E15","v":"Obec Hruštín "},null,null,"Projektant:",{"$f":"E21","v":" "}]
[null,null,"Zhotoviteľ:",null,null,{"$f":"IF(E18=\"\",\"\",E18)","v":"Jaroslav Zajac "},null,null,"Spracovateľ:",{"$f":"E24","v":"Jaroslav Zajac  , 0903 887765 "}]
[]
[null,null,"PČ","Typ","Kód","Popis","MJ","Množstvo","J.cena [EUR]","Cena celkom [EUR]","Cenová sústava",null,"","DPH","J. Nh [h]","Nh celkom [h]","J. hmotnosť [t]","Hmotnosť celkom [t]","J. suť [t]","Suť Celkom [t]"]
[null,null,"Náklady z rozpočtu",{"$nulls":6},{"$f":"BK121","v":{"v":3946.8639999999996,"d":"3,946.864"}},{"$nulls":5},{"$f":"P122+P126+P134+P137+P149","v":{"v":0,"d":"0.00000"}},null,{"$f":"R122+R126+R134+R137+R149","v":{"v":0,"d":"0.00000"}},null,{"$f":"T122+T126+T134+T137+T149","v":{"v":0,"d":"0.00000"}},{"$nulls":25},"D","-1",{"$nulls":15},{"$f":"BK122+BK126+BK134+BK137+BK149","v":{"v":3946.8639999999996,"d":"3,946.864"}}]
[{"$nulls":3},"D","733","Ústredné vykurovanie - potrubie",{"$nulls":3},{"$f":"BK122","v":{"v":739.93,"d":"739.930"}},{"$nulls":5},{"$f":"SUM(P123:P125)","v":{"v":0,"d":"0.00000"}},null,{"$f":"SUM(R123:R125)","v":{"v":0,"d":"0.00000"}},null,{"$f":"SUM(T123:T125)","v":{"v":0,"d":"0.00000"}},{"$nulls":23},"2",null,"D","0",{"$nulls":3},"ROZPOCET",{"$nulls":11},{"$f":"SUM(BK123:BK125)","v":{"v":739.93,"d":"739.930"}}]
[null,null,"1","K","733125003","Potrubie z uhlíkovej ocele spájané lisovaním DN 15","m",{"v":10,"d":"10.000"},20.787,{"$f":"ROUND(I123*H123,3)","v":{"v":207.87,"d":"207.870"}},null,null,"","znížená",{"v":0,"d":"0.00000"},{"$f":"O123*H123","v":{"v":0,"d":"0.00000"}},{"v":0,"d":"0.00000"},{"$f":"Q123*H123","v":{"v":0,"d":"0.00000"}},{"v":0,"d":"0.00000"},{"$f":"S123*H123","v":{"v":0,"d":"0.00000"}},{"$nulls":23},"16",null,"K","1",{"$nulls":3},"ROZPOCET",{"$nulls":5},{"$f":"IF(N123=\"základná\",J123,0)","v":{"v":0,"d":"0.00"}},{"$f":"IF(N123=\"znížená\",J123,0)","v":207.87},{"$f":"IF(N123=\"zákl. prenesená\",J123,0)","v":{"v":0,"d":"0.00"}},{"$f":"IF(N123=\"zníž. prenesená\",J123,0)","v":{"v":0,"d":"0.00"}},{"$f":"IF(N123=\"nulová\",J123,0)","v":{"v":0,"d":"0.00"}},"2",{"$f":"ROUND(I123*H123,3)","v":{"v":207.87,"d":"207.870"}},"16","2"]
[null,null,"2","K","733125006","Potrubie z uhlíkovej ocele spájané lisovaním DN 18","m",{"v":20,"d":"20.000"},25.076,{"$f":"ROUND(I124*H124,3)","v":{"v":501.52,"d":"501.520"}},null,null,"","znížená",{"v":0,"d":"0.00000"},{"$f":"O124*H124","v":{"v":0,"d":"0.00000"}},{"v":0,"d":"0.00000"},{"$f":"Q124*H124","v":{"v":0,"d":"0.00000"}},{"v":0,"d":"0.00000"},{"$f":"S124*H124","v":{"v":0,"d":"0.00000"}},{"$nulls":23},"16",null,"K","1",{"$nulls":3},"ROZPOCET",{"$nulls":5},{"$f":"IF(N124=\"základná\",J124,0)","v":{"v":0,"d":"0.00"}},{"$f":"IF(N124=\"znížená\",J124,0)","v":501.52},{"$f":"IF(N124=\"zákl. prenesená\",J124,0)","v":{"v":0,"d":"0.00"}},{"$f":"IF(N124=\"zníž. prenesená\",J124,0)","v":{"v":0,"d":"0.00"}},{"$f":"IF(N124=\"nulová\",J124,0)","v":{"v":0,"d":"0.00"}},"2",{"$f":"ROUND(I124*H124,3)","v":{"v":501.52,"d":"501.520"}},"16","4"]
[null,null,"3","K","733190107","Tlaková skúška potrubia z oceľových rúrok","m",{"v":30,"d":"30.000"},1.018,{"$f":"ROUND(I125*H125,3)","v":{"v":30.54,"d":"30.540"}},null,null,"","znížená",{"v":0,"d":"0.00000"},{"$f":"O125*H125","v":{"v":0,"d":"0.00000"}},{"v":0,"d":"0.00000"},{"$f":"Q125*H125","v":{"v":0,"d":"0.00000"}},{"v":0,"d":"0.00000"},{"$f":"S125*H125","v":{"v":0,"d":"0.00000"}},{"$nulls":23},"16",null,"K","1",{"$nulls":3},"ROZPOCET",{"$nulls":5},{"$f":"IF(N125=\"základná\",J125,0)","v":{"v":0,"d":"0.00"}},{"$f":"IF(N125=\"znížená\",J125,0)","v":30.54},{"$f":"IF(N125=\"zákl. prenesená\",J125,0)","v":{"v":0,"d":"0.00"}},{"$f":"IF(N125=\"zníž. prenesená\",J125,0)","v":{"v":0,"d":"0.00"}},{"$f":"IF(N125=\"nulová\",J125,0)","v":{"v":0,"d":"0.00"}},"2",{"$f":"ROUND(I125*H125,3)","v":{"v":30.54,"d":"30.540"}},"16","6"]
[{"$nulls":3},"D","734","Ústredné vykurovanie - armatúry",{"$nulls":3},{"$f":"BK126","v":{"v":989.2589999999999,"d":"989.259"}},{"$nulls":5},{"$f":"SUM(P127:P133)","v":{"v":0,"d":"0.00000"}},null,{"$f":"SUM(R127:R133)","v":{"v":0,"d":"0.00000"}},null,{"$f":"SUM(T127:T133)","v":{"v":0,"d":"0.00000"}},{"$nulls":23},"2",null,"D","0",{"$nulls":3},"ROZPOCET",{"$nulls":11},{"$f":"SUM(BK127:BK133)","v":{"v":989.2589999999999,"d":"989.259"}}]
[null,null,"4","K","734209112","Montáž závitovej armatúry s 2 závitmi do G 1/2","ks",{"v":4,"d":"4.000"},8.173,{"$f":"ROUND(I127*H127,3)","v":32.692},null,null,"","znížená",{"v":0,"d":"0.00000"},{"$f":"O127*H127","v":{"v":0,"d":"0.00000"}},{"v":0,"d":"0.00000"},{"$f":"Q127*H127","v":{"v":0,"d":"0.00000"}},{"v":0,"d":"0.00000"},{"$f":"S127*H127","v":{"v":0,"d":"0.00000"}},{"$nulls":23},"16",null,"K","1",{"$nulls":3},"ROZPOCET",{"$nulls":5},{"$f":"IF(N127=\"základná\",J127,0)","v":{"v":0,"d":"0.00"}},{"$f":"IF(N127=\"znížená\",J127,0)","v":{"v":32.692,"d":"32.69"}},{"$f":"IF(N127=\"zákl. prenesená\",J127,0)","v":{"v":0,"d":"0.00"}},{"$f":"IF(N127=\"zníž. prenesená\",J127,0)","v":{"v":0,"d":"0.00"}},{"$f":"IF(N127=\"nulová\",J127,0)","v":{"v":0,"d":"0.00"}},"2",{"$f":"ROUND(I127*H127,3)","v":32.692},"16","8"]
[null,null,"5","M","5518100022","Gulový kohút DN15","ks",{"v":2,"d":"2.000"},15.668,{"$f":"ROUND(I128*H128,3)","v":31.336},null,null,"","znížená",{"v":0,"d":"0.00000"},{"$f":"O128*H128","v":{"v":0,"d":"0.00000"}},{"v":0,"d":"0.00000"},{"$f":"Q128*H128","v":{"v":0,"d":"0.00000"}},{"v":0,"d":"0.00000"},{"$f":"S128*H128","v":{"v":0,"d":"0.00000"}},{"$nulls":23},"32",null,"M","1",{"$nulls":3},"ROZPOCET",{"$nulls":5},{"$f":"IF(N128=\"základná\",J128,0)","v":{"v":0,"d":"0.00"}},{"$f":"IF(N128=\"znížená\",J128,0)","v":{"v":31.336,"d":"31.34"}},{"$f":"IF(N128=\"zákl. prenesená\",J128,0)","v":{"v":0,"d":"0.00"}},{"$f":"IF(N128=\"zníž. prenesená\",J128,0)","v":{"v":0,"d":"0.00"}},{"$f":"IF(N128=\"nulová\",J128,0)","v":{"v":0,"d":"0.00"}},"2",{"$f":"ROUND(I128*H128,3)","v":31.336},"16","10"]
[null,null,"6","M","5518100021","Filter DN15","ks",{"v":1,"d":"1.000"},6.286,{"$f":"ROUND(I129*H129,3)","v":6.286},null,null,"","znížená",{"v":0,"d":"0.00000"},{"$f":"O129*H129","v":{"v":0,"d":"0.00000"}},{"v":0,"d":"0.00000"},{"$f":"Q129*H129","v":{"v":0,"d":"0.00000"}},{"v":0,"d":"0.00000"},{"$f":"S129*H129","v":{"v":0,"d":"0.00000"}},{"$nulls":23},"32",null,"M","1",{"$nulls":3},"ROZPOCET",{"$nulls":5},{"$f":"IF(N129=\"základná\",J129,0)","v":{"v":0,"d":"0.00"}},{"$f":"IF(N129=\"znížená\",J129,0)","v":{"v":6.286,"d":"6.29"}},{"$f":"IF(N129=\"zákl. prenesená\",J129,0)","v":{"v":0,"d":"0.00"}},{"$f":"IF(N129=\"zníž. prenesená\",J129,0)","v":{"v":0,"d":"0.00"}},{"$f":"IF(N129=\"nulová\",J129,0)","v":{"v":0,"d":"0.00"}},"2",{"$f":"ROUND(I129*H129,3)","v":6.286},"16","12"]
[null,null,"7","M","4848903410","Termostatická hlavica Herz o.č. 1 9230 98","ks",{"v":4,"d":"4.000"},28.546,{"$f":"ROUND(I130*H130,3)","v":114.184},null,null,"","znížená",{"v":0,"d":"0.00000"},{"$f":"O130*H130","v":{"v":0,"d":"0.00000"}},{"v":0,"d":"0.00000"},{"$f":"Q130*H130","v":{"v":0,"d":"0.00000"}},{"v":0,"d":"0.00000"},{"$f":"S130*H130","v":{"v":0,"d":"0.00000"}},{"$nulls":23},"32",null,"M","1",{"$nulls":3},"ROZPOCET",{"$nulls":5},{"$f":"IF(N130=\"základná\",J130,0)","v":{"v":0,"d":"0.00"}},{"$f":"IF(N130=\"znížená\",J130,0)","v":{"v":114.184,"d":"114.18"}},{"$f":"IF(N130=\"zákl. prenesená\",J130,0)","v":{"v":0,"d":"0.00"}},{"$f":"IF(N130=\"zníž. prenesená\",J130,0)","v":{"v":0,"d":"0.00"}},{"$f":"IF(N130=\"nulová\",J130,0)","v":{"v":0,"d":"0.00"}},"2",{"$f":"ROUND(I130*H130,3)","v":114.184},"16","14"]
[null,null,"8","M","5512441853","Merač tepla Zelsius C5 ISF DN15, Qn=0,6m3/h","ks",{"v":1,"d":"1.000"},{"v":368.63,"d":"368.630"},{"$f":"ROUND(I131*H131,3)","v":{"v":368.63,"d":"368.630"}},null,null,"","znížená",{"v":0,"d":"0.00000"},{"$f":"O131*H131","v":{"v":0,"d":"0.00000"}},{"v":0,"d":"0.00000"},{"$f":"Q131*H131","v":{"v":0,"d":"0.00000"}},{"v":0,"d":"0.00000"},{"$f":"S131*H131","v":{"v":0,"d":"0.00000"}},{"$nulls":23},"32",null,"M","1",{"$nulls":3},"ROZPOCET",{"$nulls":5},{"$f":"IF(N131=\"základná\",J131,0)","v":{"v":0,"d":"0.00"}},{"$f":"IF(N131=\"znížená\",J131,0)","v":368.63},{"$f":"IF(N131=\"zákl. prenesená\",J131,0)","v":{"v":0,"d":"0.00"}},{"$f":"IF(N131=\"zníž. prenesená\",J131,0)","v":{"v":0,"d":"0.00"}},{"$f":"IF(N131=\"nulová\",J131,0)","v":{"v":0,"d":"0.00"}},"2",{"$f":"ROUND(I131*H131,3)","v":{"v":368.63,"d":"368.630"}},"16","16"]
[null,null,"9","K","734209114","Montáž závitovej armatúry s 2 závitmi G 3/4","ks",{"v":7,"d":"7.000"},30.261,{"$f":"ROUND(I132*H132,3)","v":211.827},null,null,"","znížená",{"v":0,"d":"0.00000"},{"$f":"O132*H132","v":{"v":0,"d":"0.00000"}},{"v":0,"d":"0.00000"},{"$f":"Q132*H132","v":{"v":0,"d":"0.00000"}},{"v":0,"d":"0.00000"},{"$f":"S132*H132","v":{"v":0,"d":"0.00000"}},{"$nulls":23},"16",null,"K","1",{"$nulls":3},"ROZPOCET",{"$nulls":5},{"$f":"IF(N132=\"základná\",J132,0)","v":{"v":0,"d":"0.00"}},{"$f":"IF(N132=\"znížená\",J132,0)","v":{"v":211.827,"d":"211.83"}},{"$f":"IF(N132=\"zákl. prenesená\",J132,0)","v":{"v":0,"d":"0.00"}},{"$f":"IF(N132=\"zníž. prenesená\",J132,0)","v":{"v":0,"d":"0.00"}},{"$f":"IF(N132=\"nulová\",J132,0)","v":{"v":0,"d":"0.00"}},"2",{"$f":"ROUND(I132*H132,3)","v":211.827},"16","18"]
[null,null,"10","M","5518100022.1","Pripájacia armatúra Herz 3000 pre kompaktné vykurovacie telesá  priama","ks",{"v":4,"d":"4.000"},56.076,{"$f":"ROUND(I133*H133,3)","v":224.304},null,null,"","znížená",{"v":0,"d":"0.00000"},{"$f":"O133*H133","v":{"v":0,"d":"0.00000"}},{"v":0,"d":"0.00000"},{"$f":"Q133*H133","v":{"v":0,"d":"0.00000"}},{"v":0,"d":"0.00000"},{"$f":"S133*H133","v":{"v":0,"d":"0.00000"}},{"$nulls":23},"32",null,"M","1",{"$nulls":3},"ROZPOCET",{"$nulls":5},{"$f":"IF(N133=\"základná\",J133,0)","v":{"v":0,"d":"0.00"}},{"$f":"IF(N133=\"znížená\",J133,0)","v":{"v":224.304,"d":"224.30"}},{"$f":"IF(N133=\"zákl. prenesená\",J133,0)","v":{"v":0,"d":"0.00"}},{"$f":"IF(N133=\"zníž. prenesená\",J133,0)","v":{"v":0,"d":"0.00"}},{"$f":"IF(N133=\"nulová\",J133,0)","v":{"v":0,"d":"0.00"}},"2",{"$f":"ROUND(I133*H133,3)","v":224.304},"16","20"]
[{"$nulls":3},"D","735","Ústredné vykurovanie - vykurovacie telesá",{"$nulls":3},{"$f":"BK134","v":962.784},{"$nulls":5},{"$f":"SUM(P135:P136)","v":{"v":0,"d":"0.00000"}},null,{"$f":"SUM(R135:R136)","v":{"v":0,"d":"0.00000"}},null,{"$f":"SUM(T135:T136)","v":{"v":0,"d":"0.00000"}},{"$nulls":23},"2",null,"D","0",{"$nulls":3},"ROZPOCET",{"$nulls":11},{"$f":"SUM(BK135:BK136)","v":962.784}]
[null,null,"11","K","735154143","Montáž vykurovacieho telesa panelového dvojradového výšky 600 mm/ dĺžky 1400-1800 mm","ks",{"v":4,"d":"4.000"},33.489,{"$f":"ROUND(I135*H135,3)","v":133.956},null,null,"","znížená",{"v":0,"d":"0.00000"},{"$f":"O135*H135","v":{"v":0,"d":"0.00000"}},{"v":0,"d":"0.00000"},{"$f":"Q135*H135","v":{"v":0,"d":"0.00000"}},{"v":0,"d":"0.00000"},{"$f":"S135*H135","v":{"v":0,"d":"0.00000"}},{"$nulls":23},"16",null,"K","1",{"$nulls":3},"ROZPOCET",{"$nulls":5},{"$f":"IF(N135=\"základná\",J135,0)","v":{"v":0,"d":"0.00"}},{"$f":"IF(N135=\"znížená\",J135,0)","v":{"v":133.956,"d":"133.96"}},{"$f":"IF(N135=\"zákl. prenesená\",J135,0)","v":{"v":0,"d":"0.00"}},{"$f":"IF(N135=\"zníž. prenesená\",J135,0)","v":{"v":0,"d":"0.00"}},{"$f":"IF(N135=\"nulová\",J135,0)","v":{"v":0,"d":"0.00"}},"2",{"$f":"ROUND(I135*H135,3)","v":133.956},"16","22"]
[null,null,"12","M","4845400750","Vykur. teleso doskové - oceľ. radiátor KORAD 22VK 600x1400 s pripoj. vpravo/vľavo,s dvoma panelmi a dvoma konvekt.","ks",{"v":4,"d":"4.000"},207.207,{"$f":"ROUND(I136*H136,3)","v":828.828},null,null,"","znížená",{"v":0,"d":"0.00000"},{"$f":"O136*H136","v":{"v":0,"d":"0.00000"}},{"v":0,"d":"0.00000"},{"$f":"Q136*H136","v":{"v":0,"d":"0.00000"}},{"v":0,"d":"0.00000"},{"$f":"S136*H136","v":{"v":0,"d":"0.00000"}},{"$nulls":23},"32",null,"M","1",{"$nulls":3},"ROZPOCET",{"$nulls":5},{"$f":"IF(N136=\"základná\",J136,0)","v":{"v":0,"d":"0.00"}},{"$f":"IF(N136=\"znížená\",J136,0)","v":{"v":828.828,"d":"828.83"}},{"$f":"IF(N136=\"zákl. prenesená\",J136,0)","v":{"v":0,"d":"0.00"}},{"$f":"IF(N136=\"zníž. prenesená\",J136,0)","v":{"v":0,"d":"0.00"}},{"$f":"IF(N136=\"nulová\",J136,0)","v":{"v":0,"d":"0.00"}},"2",{"$f":"ROUND(I136*H136,3)","v":828.828},"16","24"]
[{"$nulls":3},"D","769","Montáž vzduchotechnických zariadení",{"$nulls":3},{"$f":"BK137","v":{"v":678.8430000000001,"d":"678.843"}},{"$nulls":5},{"$f":"SUM(P138:P148)","v":{"v":0,"d":"0.00000"}},null,{"$f":"SUM(R138:R148)","v":{"v":0,"d":"0.00000"}},null,{"$f":"SUM(T138:T148)","v":{"v":0,"d":"0.00000"}},{"$nulls":23},"2",null,"D","0",{"$nulls":3},"ROZPOCET",{"$nulls":11},{"$f":"SUM(BK138:BK148)","v":{"v":678.8430000000001,"d":"678.843"}}]
[null,null,"13","K","769011305","Montáž diagonálneho ventilátora do kruhového potrubia veľkosť: 100","ks",{"v":1,"d":"1.000"},58.474,{"$f":"ROUND(I138*H138,3)","v":58.474},null,null,"","znížená",{"v":0,"d":"0.00000"},{"$f":"O138*H138","v":{"v":0,"d":"0.00000"}},{"v":0,"d":"0.00000"},{"$f":"Q138*H138","v":{"v":0,"d":"0.00000"}},{"v":0,"d":"0.00000"},{"$f":"S138*H138","v":{"v":0,"d":"0.00000"}},{"$nulls":23},"16",null,"K","1",{"$nulls":3},"ROZPOCET",{"$nulls":5},{"$f":"IF(N138=\"základná\",J138,0)","v":{"v":0,"d":"0.00"}},{"$f":"IF(N138=\"znížená\",J138,0)","v":{"v":58.474,"d":"58.47"}},{"$f":"IF(N138=\"zákl. prenesená\",J138,0)","v":{"v":0,"d":"0.00"}},{"$f":"IF(N138=\"zníž. prenesená\",J138,0)","v":{"v":0,"d":"0.00"}},{"$f":"IF(N138=\"nulová\",J138,0)","v":{"v":0,"d":"0.00"}},"2",{"$f":"ROUND(I138*H138,3)","v":58.474},"16","26"]
[null,null,"14","M","4290013417","Radiálny ventilátor Elektrodesing EB100NT,30W,230V","ks",{"v":1,"d":"1.000"},187.893,{"$f":"ROUND(I139*H139,3)","v":187.893},null,null,"","znížená",{"v":0,"d":"0.00000"},{"$f":"O139*H139","v":{"v":0,"d":"0.00000"}},{"v":0,"d":"0.00000"},{"$f":"Q139*H139","v":{"v":0,"d":"0.00000"}},{"v":0,"d":"0.00000"},{"$f":"S139*H139","v":{"v":0,"d":"0.00000"}},{"$nulls":23},"32",null,"M","1",{"$nulls":3},"ROZPOCET",{"$nulls":5},{"$f":"IF(N139=\"základná\",J139,0)","v":{"v":0,"d":"0.00"}},{"$f":"IF(N139=\"znížená\",J139,0)","v":{"v":187.893,"d":"187.89"}},{"$f":"IF(N139=\"zákl. prenesená\",J139,0)","v":{"v":0,"d":"0.00"}},{"$f":"IF(N139=\"zníž. prenesená\",J139,0)","v":{"v":0,"d":"0.00"}},{"$f":"IF(N139=\"nulová\",J139,0)","v":{"v":0,"d":"0.00"}},"2",{"$f":"ROUND(I139*H139,3)","v":187.893},"16","28"]
[null,null,"15","K","769021000","Montáž spiro potrubia do DN 100","m",{"v":1,"d":"1.000"},7.199,{"$f":"ROUND(I140*H140,3)","v":7.199},null,null,"","znížená",{"v":0,"d":"0.00000"},{"$f":"O140*H140","v":{"v":0,"d":"0.00000"}},{"v":0,"d":"0.00000"},{"$f":"Q140*H140","v":{"v":0,"d":"0.00000"}},{"v":0,"d":"0.00000"},{"$f":"S140*H140","v":{"v":0,"d":"0.00000"}},{"$nulls":23},"16",null,"K","1",{"$nulls":3},"ROZPOCET",{"$nulls":5},{"$f":"IF(N140=\"základná\",J140,0)","v":{"v":0,"d":"0.00"}},{"$f":"IF(N140=\"znížená\",J140,0)","v":{"v":7.199,"d":"7.20"}},{"$f":"IF(N140=\"zákl. prenesená\",J140,0)","v":{"v":0,"d":"0.00"}},{"$f":"IF(N140=\"zníž. prenesená\",J140,0)","v":{"v":0,"d":"0.00"}},{"$f":"IF(N140=\"nulová\",J140,0)","v":{"v":0,"d":"0.00"}},"2",{"$f":"ROUND(I140*H140,3)","v":7.199},"16","30"]
[null,null,"16","M","4290035026","Spiro potrubie L=1000 mm DN 100","m",{"v":1,"d":"1.000"},6.309,{"$f":"ROUND(I141*H141,3)","v":6.309},null,null,"","znížená",{"v":0,"d":"0.00000"},{"$f":"O141*H141","v":{"v":0,"d":"0.00000"}},{"v":0,"d":"0.00000"},{"$f":"Q141*H141","v":{"v":0,"d":"0.00000"}},{"v":0,"d":"0.00000"},{"$f":"S141*H141","v":{"v":0,"d":"0.00000"}},{"$nulls":23},"32",null,"M","1",{"$nulls":3},"ROZPOCET",{"$nulls":5},{"$f":"IF(N141=\"základná\",J141,0)","v":{"v":0,"d":"0.00"}},{"$f":"IF(N141=\"znížená\",J141,0)","v":{"v":6.309,"d":"6.31"}},{"$f":"IF(N141=\"zákl. prenesená\",J141,0)","v":{"v":0,"d":"0.00"}},{"$f":"IF(N141=\"zníž. prenesená\",J141,0)","v":{"v":0,"d":"0.00"}},{"$f":"IF(N141=\"nulová\",J141,0)","v":{"v":0,"d":"0.00"}},"2",{"$f":"ROUND(I141*H141,3)","v":6.309},"16","32"]
[null,null,"17","K","769021003","Montáž spiro potrubia DN 125-140","m",{"v":1,"d":"1.000"},4.082,{"$f":"ROUND(I142*H142,3)","v":4.082},null,null,"","znížená",{"v":0,"d":"0.00000"},{"$f":"O142*H142","v":{"v":0,"d":"0.00000"}},{"v":0,"d":"0.00000"},{"$f":"Q142*H142","v":{"v":0,"d":"0.00000"}},{"v":0,"d":"0.00000"},{"$f":"S142*H142","v":{"v":0,"d":"0.00000"}},{"$nulls":23},"16",null,"K","1",{"$nulls":3},"ROZPOCET",{"$nulls":5},{"$f":"IF(N142=\"základná\",J142,0)","v":{"v":0,"d":"0.00"}},{"$f":"IF(N142=\"znížená\",J142,0)","v":{"v":4.082,"d":"4.08"}},{"$f":"IF(N142=\"zákl. prenesená\",J142,0)","v":{"v":0,"d":"0.00"}},{"$f":"IF(N142=\"zníž. prenesená\",J142,0)","v":{"v":0,"d":"0.00"}},{"$f":"IF(N142=\"nulová\",J142,0)","v":{"v":0,"d":"0.00"}},"2",{"$f":"ROUND(I142*H142,3)","v":4.082},"16","34"]
[null,null,"18","M","4290035027","Spiro potrubie L=1000 mm DN 125","m",{"v":1,"d":"1.000"},{"v":4.35,"d":"4.350"},{"$f":"ROUND(I143*H143,3)","v":{"v":4.35,"d":"4.350"}},null,null,"","znížená",{"v":0,"d":"0.00000"},{"$f":"O143*H143","v":{"v":0,"d":"0.00000"}},{"v":0,"d":"0.00000"},{"$f":"Q143*H143","v":{"v":0,"d":"0.00000"}},{"v":0,"d":"0.00000"},{"$f":"S143*H143","v":{"v":0,"d":"0.00000"}},{"$nulls":23},"32",null,"M","1",{"$nulls":3},"ROZPOCET",{"$nulls":5},{"$f":"IF(N143=\"základná\",J143,0)","v":{"v":0,"d":"0.00"}},{"$f":"IF(N143=\"znížená\",J143,0)","v":4.35},{"$f":"IF(N143=\"zákl. prenesená\",J143,0)","v":{"v":0,"d":"0.00"}},{"$f":"IF(N143=\"zníž. prenesená\",J143,0)","v":{"v":0,"d":"0.00"}},{"$f":"IF(N143=\"nulová\",J143,0)","v":{"v":0,"d":"0.00"}},"2",{"$f":"ROUND(I143*H143,3)","v":{"v":4.35,"d":"4.350"}},"16","36"]
[null,null,"19","K","769021496","Montáž pretlakovej žalúzie","ks",{"v":2,"d":"2.000"},8.883,{"$f":"ROUND(I144*H144,3)","v":17.766},null,null,"","znížená",{"v":0,"d":"0.00000"},{"$f":"O144*H144","v":{"v":0,"d":"0.00000"}},{"v":0,"d":"0.00000"},{"$f":"Q144*H144","v":{"v":0,"d":"0.00000"}},{"v":0,"d":"0.00000"},{"$f":"S144*H144","v":{"v":0,"d":"0.00000"}},{"$nulls":23},"16",null,"K","1",{"$nulls":3},"ROZPOCET",{"$nulls":5},{"$f":"IF(N144=\"základná\",J144,0)","v":{"v":0,"d":"0.00"}},{"$f":"IF(N144=\"znížená\",J144,0)","v":{"v":17.766,"d":"17.77"}},{"$f":"IF(N144=\"zákl. prenesená\",J144,0)","v":{"v":0,"d":"0.00"}},{"$f":"IF(N144=\"zníž. prenesená\",J144,0)","v":{"v":0,"d":"0.00"}},{"$f":"IF(N144=\"nulová\",J144,0)","v":{"v":0,"d":"0.00"}},"2",{"$f":"ROUND(I144*H144,3)","v":17.766},"16","38"]
[null,null,"20","M","4290038431","Pretlaková žalúzia Elektrodesing PER100W","ks",{"v":1,"d":"1.000"},{"v":81.42,"d":"81.420"},{"$f":"ROUND(I145*H145,3)","v":{"v":81.42,"d":"81.420"}},null,null,"","znížená",{"v":0,"d":"0.00000"},{"$f":"O145*H145","v":{"v":0,"d":"0.00000"}},{"v":0,"d":"0.00000"},{"$f":"Q145*H145","v":{"v":0,"d":"0.00000"}},{"v":0,"d":"0.00000"},{"$f":"S145*H145","v":{"v":0,"d":"0.00000"}},{"$nulls":23},"32",null,"M","1",{"$nulls":3},"ROZPOCET",{"$nulls":5},{"$f":"IF(N145=\"základná\",J145,0)","v":{"v":0,"d":"0.00"}},{"$f":"IF(N145=\"znížená\",J145,0)","v":81.42},{"$f":"IF(N145=\"zákl. prenesená\",J145,0)","v":{"v":0,"d":"0.00"}},{"$f":"IF(N145=\"zníž. prenesená\",J145,0)","v":{"v":0,"d":"0.00"}},{"$f":"IF(N145=\"nulová\",J145,0)","v":{"v":0,"d":"0.00"}},"2",{"$f":"ROUND(I145*H145,3)","v":{"v":81.42,"d":"81.420"}},"16","40"]
[null,null,"21","M","4290038431.1","Pretlaková žalúzia Elektrodesing PER125W","ks",{"v":1,"d":"1.000"},113.278,{"$f":"ROUND(I146*H146,3)","v":113.278},null,null,"","znížená",{"v":0,"d":"0.00000"},{"$f":"O146*H146","v":{"v":0,"d":"0.00000"}},{"v":0,"d":"0.00000"},{"$f":"Q146*H146","v":{"v":0,"d":"0.00000"}},{"v":0,"d":"0.00000"},{"$f":"S146*H146","v":{"v":0,"d":"0.00000"}},{"$nulls":23},"32",null,"M","1",{"$nulls":3},"ROZPOCET",{"$nulls":5},{"$f":"IF(N146=\"základná\",J146,0)","v":{"v":0,"d":"0.00"}},{"$f":"IF(N146=\"znížená\",J146,0)","v":{"v":113.278,"d":"113.28"}},{"$f":"IF(N146=\"zákl. prenesená\",J146,0)","v":{"v":0,"d":"0.00"}},{"$f":"IF(N146=\"zníž. prenesená\",J146,0)","v":{"v":0,"d":"0.00"}},{"$f":"IF(N146=\"nulová\",J146,0)","v":{"v":0,"d":"0.00"}},"2",{"$f":"ROUND(I146*H146,3)","v":113.278},"16","42"]
[null,null,"22","K","769038000","Montáž malého kuchynského digestora recirkulačného veľkosť 600","ks",{"v":1,"d":"1.000"},29.108,{"$f":"ROUND(I147*H147,3)","v":29.108},null,null,"","znížená",{"v":0,"d":"0.00000"},{"$f":"O147*H147","v":{"v":0,"d":"0.00000"}},{"v":0,"d":"0.00000"},{"$f":"Q147*H147","v":{"v":0,"d":"0.00000"}},{"v":0,"d":"0.00000"},{"$f":"S147*H147","v":{"v":0,"d":"0.00000"}},{"$nulls":23},"16",null,"K","1",{"$nulls":3},"ROZPOCET",{"$nulls":5},{"$f":"IF(N147=\"základná\",J147,0)","v":{"v":0,"d":"0.00"}},{"$f":"IF(N147=\"znížená\",J147,0)","v":{"v":29.108,"d":"29.11"}},{"$f":"IF(N147=\"zákl. prenesená\",J147,0)","v":{"v":0,"d":"0.00"}},{"$f":"IF(N147=\"zníž. prenesená\",J147,0)","v":{"v":0,"d":"0.00"}},{"$f":"IF(N147=\"nulová\",J147,0)","v":{"v":0,"d":"0.00"}},"2",{"$f":"ROUND(I147*H147,3)","v":29.108},"16","44"]
[null,null,"23","M","4290018679","Digestor Elektrodesing Elegance 90","ks",{"v":1,"d":"1.000"},168.964,{"$f":"ROUND(I148*H148,3)","v":168.964},null,null,"","znížená",{"v":0,"d":"0.00000"},{"$f":"O148*H148","v":{"v":0,"d":"0.00000"}},{"v":0,"d":"0.00000"},{"$f":"Q148*H148","v":{"v":0,"d":"0.00000"}},{"v":0,"d":"0.00000"},{"$f":"S148*H148","v":{"v":0,"d":"0.00000"}},{"$nulls":23},"32",null,"M","1",{"$nulls":3},"ROZPOCET",{"$nulls":5},{"$f":"IF(N148=\"základná\",J148,0)","v":{"v":0,"d":"0.00"}},{"$f":"IF(N148=\"znížená\",J148,0)","v":{"v":168.964,"d":"168.96"}},{"$f":"IF(N148=\"zákl. prenesená\",J148,0)","v":{"v":0,"d":"0.00"}},{"$f":"IF(N148=\"zníž. prenesená\",J148,0)","v":{"v":0,"d":"0.00"}},{"$f":"IF(N148=\"nulová\",J148,0)","v":{"v":0,"d":"0.00"}},"2",{"$f":"ROUND(I148*H148,3)","v":168.964},"16","46"]
[{"$nulls":3},"D","HZ","Hodinové zúčtovacie sadzby",{"$nulls":3},{"$f":"BK149","v":576.048},{"$nulls":5},{"$f":"P150","v":{"v":0,"d":"0.00000"}},null,{"$f":"R150","v":{"v":0,"d":"0.00000"}},null,{"$f":"T150","v":{"v":0,"d":"0.00000"}},{"$nulls":23},"1",null,"D","0",{"$nulls":3},"ROZPOCET",{"$nulls":11},{"$f":"BK150","v":576.048}]
[null,null,"24","K","HZS000112","Vykurovacia skúška náročnejšie(Tr.2)","hod",{"v":48,"d":"48.000"},12.001,{"$f":"ROUND(I150*H150,3)","v":576.048},null,null,"","znížená",{"v":0,"d":"0.00000"},{"$f":"O150*H150","v":{"v":0,"d":"0.00000"}},{"v":0,"d":"0.00000"},{"$f":"Q150*H150","v":{"v":0,"d":"0.00000"}},{"v":0,"d":"0.00000"},{"$f":"S150*H150","v":{"v":0,"d":"0.00000"}},{"$nulls":23},"4",null,"K","1",{"$nulls":3},"ROZPOCET",{"$nulls":5},{"$f":"IF(N150=\"základná\",J150,0)","v":{"v":0,"d":"0.00"}},{"$f":"IF(N150=\"znížená\",J150,0)","v":{"v":576.048,"d":"576.05"}},{"$f":"IF(N150=\"zákl. prenesená\",J150,0)","v":{"v":0,"d":"0.00"}},{"$f":"IF(N150=\"zníž. prenesená\",J150,0)","v":{"v":0,"d":"0.00"}},{"$f":"IF(N150=\"nulová\",J150,0)","v":{"v":0,"d":"0.00"}},"2",{"$f":"ROUND(I150*H150,3)","v":576.048},"4","48"]